Score 0/18 Timer 05:00
0 Plays Today
Scrambled Movie Unscrambled Movie % Correct
AMMMA AIMMamma Mia!
95.5%
TOBUDDoubt
81.8%
THADE SEEBOMC REHDeath Becomes Her
73.8%
Actress who appears in all these:Meryl Streep
72.6%
NEO RUTE NGITHOne True Thing
52.7%
HOPES'IS ECHICOSophie's Choice
52.2%
OLINS ORF BASLMLions for Lambs
49.4%
FENEGNIDD ROUY FIELDefending Your Life
46.8%
SIAM'RVN MOROMarvin's Room
46.1%
Scrambled Movie Unscrambled Movie % Correct
SPARDTOCS MORF ETH GEEDPostcards from the Edge
41.1%
'SIT PALMCODCITEIt's Complicated
33.9%
DELVE-HISShe-Devil
31.4%
VINGENEEvening
25.3%
IDRWONEEIronweed
18%
ODISKLOWSilkwood
14.9%
APATTONAIDAdaptation.
12.2%
UNBREATHRHeartburn
7.4%
NITENORIDRendition
6.3%

You're not logged in!

Compare scores with friends on all Sporcle quizzes.
OR
Log In

Sporcle TV

Today on Sporcle TV


Watch our educational content, quiz creation guides, and fun videos on Sporcle TV.

Show Comments

Extras

Top Quizzes Today


Score Distribution

Paid Content

Your Account Isn't Verified!

In order to create a playlist on Sporcle, you need to verify the email address you used during registration. Go to your Sporcle Settings to finish the process.

Report this User

Report this user for behavior that violates our Community Guidelines.

Details: